000 00640nam a22001937a 4500
008 160616b xxu||||| |||| 00| 0 eng d
020 _a0071311038
040 _aKABU
_cKABU
050 _aQL757
_b.R585 2013 c. 1
100 _aRoberts, Larry S.
245 _aGerald D. Schmidt & Larry S. Roberts' foundations of parasitology
_cLarry S. Roberts, John Janovy
250 _a8th ed.
_bInternational student edition
260 _aBoston
_bMcGraw-Hill
_c2013
300 _axvii, 701 p.
650 _aParasitology
700 _aJanovy, John
700 _aSchmidt, Gerald
942 _2lcc
_cBK
_hQL757 .R585 2013 c. 1
999 _c16006
_d16006